| Tag |
First Indicator |
Second Indicator |
Subfields |
| LEADER |
00000cam a2200000 a 4500 |
| 001 |
in00000956643 |
| 005 |
20150926140538.0 |
| 007 |
hd afv|||baca |
| 008 |
851217s1681 miu a 00010 eng d |
| 035 |
|
|
|a (OCoLC)12927174
|
| 035 |
|
|
|9 AEU3927AM
|
| 037 |
|
|
|a CL0037000032
|b UMI
|
| 037 |
|
|
|b University Microfilms International, 300 N. Zeeb Rd., Ann Arbor, MI 48106
|
| 040 |
|
|
|a EAA
|c EAA
|d m/c
|d UtOrBLW
|
| 049 |
|
|
|a TXAI
|
| 099 |
|
|
|a film
|a B
|a 3609
|
| 100 |
1 |
|
|a Williams, William,
|c Sir,
|d 1634-1700.
|
| 245 |
1 |
4 |
|a The speech of the honorable William Williams Esq :
|b speaker of the House of Commons, to the honourable House of Commons : upon the electing of him speakrer [as printed] in the Parliament at Oxford, Monday the 21th. day of March, 1680/1 : together with his speeches to His Most Excellent Majesty, at the presenting him speaker to His Majesty by the commons in Parliament, upon Tuesday 22th. day of the same month.
|
| 264 |
|
3 |
|a Oxford :
|b Printed by Leo. Lichfield, for Gabriel Kunholt ...,
|c 1681.
|
| 300 |
|
|
|a 2 unnumbered pages, 5-17, that is, 15 pages
|
| 336 |
|
|
|a text
|b txt
|2 rdacontent
|
| 337 |
|
|
|a microform
|b h
|2 rdamedia
|
| 338 |
|
|
|a microfilm reel
|b hd
|2 rdacarrier
|
| 500 |
|
|
|a Reproduction of original in Huntington Library.
|
| 510 |
4 |
|
|a Wing
|c W2782
|
| 533 |
|
|
|a Microfilm.
|b Ann Arbor, Mich. :
|c University Microfilms International,
|d 1979.
|e 1 microfilm reel ; 35 mm.
|f (Early English books, 1641-1700 ; 991:32)
|
| 500 |
|
|
|a Microform.
|
| 610 |
1 |
0 |
|a England and Wales.
|b Parliament.
|b House of Commons.
|
| 600 |
1 |
0 |
|a Williams, William,
|c Sir,
|d 1634-1700.
|
| 830 |
|
0 |
|a Early English books, 1641-1700 ;
|v 991:32.
|
| 999 |
|
|
|a MARS
|
| 999 |
f |
f |
|s 1aff509b-55ba-3ea4-b49c-3301a329019d
|i 08840656-f949-3c65-85d8-464320992366
|t 0
|
| 952 |
f |
f |
|p default
|a Texas A&M University
|b College Station
|c Sterling C. Evans Library
|d Evans: Microforms (3rd floor)
|t 0
|e film B 3609 991:32
|h Other scheme
|i microform -- microfilm reel
|
| 998 |
f |
f |
|a film B 3609 991:32
|t 0
|l Evans: Microforms (3rd floor)
|